Introducción a la física moderna en la educación secundaria: fundamentación y módulos de aprendizaje
Uloženo v:
| Hlavní autor: | |
|---|---|
| Médium: | Kniha |
| Jazyk: | španělština |
| Vydáno: |
Madrid
Síntesis
1995
|
| Vydání: | 1a. ed |
| Edice: | Aplicación en el Aula, 14
|
| Témata: | |
| Tagy: |
Přidat tag
Žádné tagy, Buďte první, kdo vytvoří štítek k tomuto záznamu!
|
MARC
| LEADER | 00000nam a2200000 a 4500 | ||
|---|---|---|---|
| 001 | UCK7855 | ||
| 003 | CL-VaPUC | ||
| 008 | 051230e19950000SP |||||||||||||||||spa|d | ||
| 020 | |a 847738326X | ||
| 082 | 0 | 4 | |a 530.0712 |b LAH |2 21 |
| 100 | 0 | |a Lahera Claramonte, Jesús |e author |9 497524 | |
| 245 | 1 | 0 | |a Introducción a la física moderna en la educación secundaria: fundamentación y módulos de aprendizaje |
| 250 | |a 1a. ed | ||
| 300 | |a 244 p | ||
| 942 | |c BK | ||
| 945 | |d 20051230 00:00:00 |a cmena | ||
| 260 | |a Madrid |b Síntesis |c 1995 | ||
| 650 | 0 | |a Educación científica |9 307484 | |
| 650 | 0 | |a enseñanza de la física |9 339846 | |
| 650 | 0 | |a Métodos de enseñanza |9 270413 | |
| 650 | 0 | |a Planificación del currículo |9 269599 | |
| 583 | |a last modification |c 20051230 00:00:00 |k Rodrigo Vera | ||
| 490 | 0 | |a Aplicación en el Aula, 14 | |
| 999 | |c 315694 |d 315692 | ||
| 952 | |0 0 |1 0 |4 0 |6 530_071200000000000_LAH_1995 |7 0 |8 A |9 389304 |a BIBCUR |b BIBCUR |d 2019-11-22 |i 4194071 |o 530.0712 LAH 1995 |p 4194071 |r 2025-04-22 |w 2019-11-22 |y BK |k FIS | ||